LEADER 00969cam0-22003131i-450- 001 990003681470403321 005 20131007145023.0 035 $a000368147 035 $aFED01000368147 035 $a(Aleph)000368147FED01 035 $a000368147 100 $a20030910d1997----km-y0itay50------ba 101 0 $aita 102 $aIT 105 $ay-------001yy 200 1 $aLodovico Zdekauer e la storia del commercio nel medio Adriatico$fMarco Moroni 210 $aAncona$cProposte e ricerche$d1997 215 $a207 p. 225 1 $aQuaderni monografici di Proposte e ricerche$v22 610 0 $aZdekauer, Lodovico$aStudi sul commercio marittimo 676 $a387.50916385$v20$zita 700 1$aMoroni,$bMarco$0139774 801 0$aIT$bUNINA$gREICAT$2UNIMARC 901 $aBK 912 $a990003681470403321 952 $aSE 111.04.29-$fDECSE 959 $aDECSE 996 $aLodovico Zdekauer e la storia del commercio nel medio Adriatico$9498682 997 $aUNINA LEADER 01439nam 2200433 450 001 000017977 005 20070503173200.0 100 $a20041119d1979----km-y0itay0103----ba 101 0 $aita 102 $aIT 200 1 $a< regolo 200 1 $a1 $n0002099 210 $aFirenze$cLibreria Editrice Fiorentina$d1979 215 $a254 p., [10] c. di tav.$d24 cm. 225 2 $aPassato/presente$v9 410 0$12001$aPassato/presente$v9 606 $aFolclore$aToscana 606 $aSerpenti$aToscana 676 $a398.352$v(21. ed.)$9Umanità e esistenza nel folclore. Persone 700 1$aLisi,$bGiuseppe$0442620 801 0$aIT$bUniversità della Basilicata - B.I.A.$gRICA$2unimarc 912 $a000017977 996 $aRegolo$984753 997 $aUNIBAS BAS $aMONLET BAS $aMONOGR BAS $aLETTERE CAT $aSTD036$b01$c20041119$lBAS01$h1153 CAT $aSTD036$b01$c20041216$lBAS01$h0934 CAT $aSTD036$b01$c20041216$lBAS01$h0937 CAT $aSTD036$b01$c20041216$lBAS01$h1003 CAT $c20050601$lBAS01$h1756 CAT $abatch$b01$c20050718$lBAS01$h1053 CAT $c20050718$lBAS01$h1112 CAT $c20050718$lBAS01$h1142 CAT $c20050718$lBAS01$h1157 CAT $aBATCH$b00$c20070503$lBAS01$h1732 FMT Z30 -1$lBAS01$LBAS01$mBOOK$1BASA1$APolo Storico-Umanistico$2GEN$BCollezione generale$3FM/87216$687216$5L87216$820041119$f02$FPrestabile Generale